Normal view
MARC view
Entry Topical Term
001 - CONTROL NUMBER
- control field: 43288
003 - CONTROL NUMBER IDENTIFIER
- control field: ARRUPE
005 - DATE AND TIME OF LATEST TRANSACTION
- control field: 20181108111541.0
008 - FIXED-LENGTH DATA ELEMENTS
- fixed length control field: 181108|| aca||aabn | a|a d
040 ## - CATALOGING SOURCE
- Original cataloging agency: ARRUPE
- Transcribing agency: ARRUPE
150 ## - HEADING--TOPICAL TERM
- Topical term or geographic name as entry element: Russian fiction
- Form subdivision: Translations into English.
670 ## - SOURCE DATA FOUND
- Source citation: Work cat.: (ARRUPE)0: Chamot, A. E. (Alfred Edward), 1855- comp. and tr. 43287, Selected Russian short stories,, [1925]